Litografías (Record no. 6028)

MARC details
000 -CABECERA
campo de control de longitud fija 01246nam a2200241 a 4500
001 - NÚMERO DE CONTROL
campo de control BRCA_6342
005 - FECHA Y HORA DE LA ÚLTIMA TRANSACCIÓN
campo de control 20190321142923.0
008 - DATOS DE LONGITUD FIJA--INFORMACIÓN GENERAL
campo de control de longitud fija 180811s1920----fr-a######---#000-0#fre-#
041 ## - CÓDIGO DE LENGUA
Código de lengua del texto/banda sonora o título independiente fre
044 ## - CÓDIGO DEL PAÍS DE LA ENTIDAD EDITORA/PRODUCTORA
Código MARC del país fr
050 #4 - SIGNATURA TOPOGRÁFICA DE LA BIBLIOTECA DEL CONGRESO
Número de documento/Ítem .E34 1920?
100 1# - ENTRADA PRINCIPAL--NOMBRE DE PERSONA
Nombre de persona Eigeman, Y. M. J.
9 (RLIN) 15901
245 10 - MENCIÓN DE TÍTULO
Título Litografías
Resto del título serie caricaturana
Mención de responsabilidad, etc. Y. M. J. Eigeman ; Lith de Michel Petit.
260 ## - PUBLICACIÓN, DISTRIBUCIÓN, ETC.
Lugar de publicación, distribución, etc. París, Francia
Nombre del editor, distribuidor, etc. A Pontin et Comp.
Fecha de publicación, distribución, etc. [1920?]
300 ## - DESCRIPCIÓN FÍSICA
Extensión 8 litografías
500 ## - NOTA GENERAL
Nota general CC13
505 0# - NOTA DE CONTENIDO CON FORMATO
Nota de contenido con formato Contenido: Caricaturana I. Nº asignado por Franz Mayer W69, 25 cm. -- Caricaturana II. Nº asignado por Franz Mayer W63, 32 cm. -- Caricaturana IIII. Nº asignado por Franz Mayer W64, 33 cm. -- Caricaturana VIII. Nº asignado por Franz Mayer W65, 33 cm. -- Caricaturana IX. titulada: L´ agent de change, apres la Bourse, Nº asignado por Franz Mayer W66, 40 cm. -- Caricaturana X. S/N asignado, 40 cm. -- Caricaturana XI. titulada: Le Bonjowien, Nº asignado por Franz Mayer W67, 40 cm. -- Caricaturana XVIII. Nº asignado por Franz Mayer W68, (rota por la mitad, pegada con cinta adhesiva), 38 cm.
650 14 - PUNTO DE ACCESO ADICIONAL DE MATERIA--TÉRMINO DE MATERIA
Término de materia o nombre geográfico como elemento de entrada Litografías
Subdivisión geográfica Europa
9 (RLIN) 15902
650 14 - PUNTO DE ACCESO ADICIONAL DE MATERIA--TÉRMINO DE MATERIA
Término de materia o nombre geográfico como elemento de entrada Sátira visual
9 (RLIN) 15903
700 1# - PUNTO DE ACCESO ADICIONAL--NOMBRE DE PERSONA
Nombre de persona Petit, Michel
9 (RLIN) 15904
902 ## - CATALOGADOR
Iniciales GFM
942 ## - ELEMENTOS DE PUNTO DE ACCESO ADICIONAL (KOHA)
Fuente del sistema de clasificación o colocación Library of Congress Classification
Tipo de ítem Koha Libros
Holdings
Estado de retiro Estado de pérdida Estado dañado No para préstamo Localización permanente Ubicación/localización actual Fecha de adquisición Número de inventario Total de préstamos Signatura topográfica completa Código de barras Fecha visto por última vez Precio válido a partir de Tipo de ítem Koha
El ejemplar forma parte de la colección y puede ser consultado según las políticas vigentes.       Biblioteca del Museo Franz Mayer (Rogerio Casas-Alatriste) Biblioteca del Museo Franz Mayer (Rogerio Casas-Alatriste) 16/08/2011 CC13   .E34 1920? (CC13) 6789 22/03/2019 22/03/2019 Libros